| 000 | 00000nam##2200000za#4500 |
| 001 | 9.696767 |
| 003 | CaOODSP |
| 005 | 20210908130103 |
| 007 | cr ||||||||||| |
| 008 | 150407|2007||||xxc|||||o f|0| 0 eng|d |
| 040 | |aCaOODSP|beng |
| 043 | |an-cn--- |
| 086 | 1 |aPS64-91/2007E-PDF |
| 110 | 2 |aRoyal Canadian Mounted Police. |
| 245 | 10|aCounterfeit currency in Canada / |h[electronic resource]|c[by] RCMP Criminal Intelligence. |
| 260 | |bRoyal Canadian Mounted Police |cDecember 2007. |
| 300 | |a30p.|bcoloured illus., table |
| 590 | |a12-40-Supp|b2012-10-23 |
| 690 | 07|aCurrency|2gcpds |
| 775 | 08|tMonnaie contrefait au Canada / |w(CaOODSP)9.640875 |
| 856 | 40|ahttp://publications.gc.ca|qPDF|s907 KB|uhttps://publications.gc.ca/collections/collection_2012/grc-rcmp/PS64-91-2007-eng.pdf |